| 000 | 01164 a2200229 4500 | ||
|---|---|---|---|
| 001 | 39902 | ||
| 005 | 20260407155655.0 | ||
| 008 | 260407a1975 arg spa d | ||
| 003 | AR-UNSa-BCEJYS | ||
| 040 |
_aAR-UNSa-BCEJYS _bspa _cAR-UNSa-BCEJYS |
||
| 080 |
_a330.43 _xEconometría |
||
| 245 | 1 | 0 | _aMétodos de econometría |
| 020 | _a84-316-1399-8 | ||
| 250 | _a3a. ed | ||
| 264 | 1 |
_aBarcelona : _bVicens-Vives _c1975 |
|
| 300 |
_a464 p. _c22 cm. |
||
| 505 | _a1. La naturaleza de la econometría - 2. Modelo lineal de dos variables - 3. Ampliaciones del modelo lineal de dos variables - 4. Elementos de álgebra matricial - 5. El modelo lineal general - 6. Ampliaciones del modelo lineal general - 7. Mínimos cuadros generalizados - 8. Autocorrección - 9. Regresores estocásticos, variables instrumentales y errores en las variables - 10. Variables retardadas - 11. Otros métodos multivariantes - 12. Métodos de ecuaciones simultáneas : identificación - 13. Métodos de ecuaciones simultáneas: Estimación - Apéndice | ||
| 942 | _cBK | ||
| 590 | _aniveau_biblio:m niveau_hierar:0 | ||
| 100 | 1 | _aOtero Moreno, Jose María | |
| 700 | 1 | _aJohnston, Jack | |
| 999 |
_c3135 _d3135 |
||